000
00333nam a2200133Ia 4500
008
210716s1987 xx 000 0 und d
041
_a
eng
082
_a
004 JAGV
100
_a
Jaggi, V.P;Jain, Sushma.
245
_a
Introductory computer science.
250
_a
1
260
_a
New Delhi
_b
Academic Press
_c
1987
300
_a
ix, 266
999
_c
180934
_d
180934